• 首页
  • 本馆介绍
  • 公告通知
  • 最新文献
  • 馆藏检索
  • 电子资源
  • 读者导购
  • 参考咨询
  • 我的图书馆
  • 登录
  • 详细信息显示
  • 放入我的书架
  • 预约/预借图书
  • 作者相关作品
  • 分类相关作品
  • 丛书相关作品
  • 出版社相关作品

书目信息

  • 表格格式
  • 工作单格式
  • 卡片格式
题名:
《运动解剖生理学》学习指导材料
    
 
作者: 河北省师训办公室 编
分册:  
出版信息: 河北   河北省师训办公室  1994
页数: 94页
开本: 20cm
丛书名:
单 册:
中图分类: G804.4 , G804.4
科图分类:
主题词: 运动解剖--解剖学 , 体育理论
电子资源:
ISBN:
000 00681nam0 2200205 450
001 0755263486
005 20070612100225.89
100    @a20070609d1994 km y0chiy0120 ea
101 0  @achi
200 1  @a《运动解剖生理学》学习指导材料@A《yun dong jie pou sheng li xue》xue xi zhi dao cai liao@f河北省师训办公室编@Fhe bei sheng shi xun ban gong shi bian
210    @a河北@c河北省师训办公室@d1994
215    @a94页@d20cm
300    @a初中老师进修高等师范专科
606 0  @a运动解剖@x解剖学
606 0  @a体育理论
690    @aG804.4@v3
690    @aG804.4@v3
701  0 @a河北省师训办公室@Ahe bei sheng shi xun ban gong shi@4编
801  0 @aCN@bPFT@c20070612
905    @a10447@dG804.4@e264
    
    《运动解剖生理学》学习指导材料/河北省师训办公室编.-河北:河北省师训办公室,1994
    94页;20cm
    初中老师进修高等师范专科
    
    ISBN :
    
●
相关链接 在E读中查询图书 在五车中查询图书 在当当中查询图书 在豆瓣中查询图书


正题名:《运动解剖生理学》学习指导材料     索取号:G804.4/264         预约/预借

序号 登录号 条形码 馆藏地/架位号 状态 备注
1 0633552   206335526   第一样本阅览室/ [索取号:G804.4/264] 在馆    
2 0633553   206335535   密集书库/ [索取号:G804.4/264] 在馆    
3 0633554   206335544   密集书库/ [索取号:G804.4/264] 在馆    
4 0633555   206335553   密集书库/ [索取号:G804.4/264] 在馆    
5 0633556   206335562   密集书库/ [索取号:G804.4/264] 在馆    
6 0633557   206335571   密集书库/ [索取号:G804.4/264] 在馆    
7 0633558   206335580   密集书库/ [索取号:G804.4/264] 在馆    
8 0633559   206335599   密集书库/ [索取号:G804.4/264] 在馆    
9 0633560   206335606   密集书库/ [索取号:G804.4/264] 在馆    
10 0633561   206335615   密集书库/ [索取号:G804.4/264] 在馆    
11 0633562   206335624   密集书库/ [索取号:G804.4/264] 在馆    
12 0633563   206335633   密集书库/ [索取号:G804.4/264] 在馆    
13 0633564   206335642   密集书库/ [索取号:G804.4/264] 在馆    
14 0633565   206335651   密集书库/ [索取号:G804.4/264] 在馆    
15 0633566   206335660   密集书库/ [索取号:G804.4/264] 在馆    
16 0633567   206335679   密集书库/ [索取号:G804.4/264] 在馆    
17 0633568   206335688   密集书库/ [索取号:G804.4/264] 在馆    
18 0633569   206335697   密集书库/ [索取号:G804.4/264] 在馆    
19 0633570   206335704   密集书库/ [索取号:G804.4/264] 在馆    
20 0633571   206335713   密集书库/ [索取号:G804.4/264] 在馆    
21 0633572   206335722   密集书库/ [索取号:G804.4/264] 在馆    
22 0635372   206353729   密集书库/ [索取号:G804.4/264] 在馆    
23 0635373   206353738   密集书库/ [索取号:G804.4/264] 在馆    
24 0635374   206353747   密集书库/ [索取号:G804.4/264] 在馆    
25 0635375   206353756   密集书库/ [索取号:G804.4/264] 在馆    
26 0635376   206353765   密集书库/ [索取号:G804.4/264] 在馆    
27 0635377   206353774   密集书库/ [索取号:G804.4/264] 在馆    
28 0635378   206353783   密集书库/ [索取号:G804.4/264] 在馆    
29 0635379   206353792   密集书库/ [索取号:G804.4/264] 在馆    
30 0635380   206353809   密集书库/ [索取号:G804.4/264] 在馆    
31 0635381   206353818   密集书库/ [索取号:G804.4/264] 在馆    
32 0635382   206353827   密集书库/ [索取号:G804.4/264] 在馆    
33 0635383   206353836   密集书库/ [索取号:G804.4/264] 在馆    
34 0635384   206353845   密集书库/ [索取号:G804.4/264] 在馆    
35 0635385   206353854   密集书库/ [索取号:G804.4/264] 在馆    
36 0635386   206353863   密集书库/ [索取号:G804.4/264] 在馆    
37 0635387   206353872   密集书库/ [索取号:G804.4/264] 在馆    
38 0635388   206353881   密集书库/ [索取号:G804.4/264] 在馆    
39 0635389   206353890   密集书库/ [索取号:G804.4/264] 在馆    
40 0635390   206353907   密集书库/ [索取号:G804.4/264] 在馆    
41 0635391   206353916   密集书库/ [索取号:G804.4/264] 在馆    
42 0635392   206353925   密集书库/ [索取号:G804.4/264] 在馆    
43 0635393   206353934   密集书库/ [索取号:G804.4/264] 在馆    
44 0635394   206353943   密集书库/ [索取号:G804.4/264] 在馆    
45 0635395   206353952   密集书库/ [索取号:G804.4/264] 在馆    
46 0635396   206353961   密集书库/ [索取号:G804.4/264] 在馆    
唐山师范学院图书馆 欢迎您!
大连网信软件有限公司© 版权所有